Les meilleurs buteurs du Big Five sur l'année civile 2026 (Football) - Statistiques

Statistiques générales
  • Ce quiz a été pris 67 fois
    4 depuis la dernière actualisation
  • Le résultat moyen est 22 sur 34
Statistiques - réponses
Rang Buts Club Joueur % Correct
1 28 Bayern Munich Harry Kane
100%
- 12 Real Madrid Kylian Mbappé
100%
3 15 Paris SG Ousmane Dembélé
100%
2 17 Real Madrid Vinicius Júnior
100%
- 15 Atlético Madrid Alexander Sørloth
75%
22 12 Lorient Bamba Dieng
75%
- 15 VfB Stuttgart Deniz Undav
75%
- 12 Manchester City Erling Haaland
75%
- 12 Stade Rennais Esteban Lepaul
75%
- 13 Chelsea João Pedro
75%
- 13 Paris SG Khvicha Kvaratskhelia
75%
- 15 FC Barcelone Lamine Yamal
75%
- 13 Bayern Munich Luis Díaz
75%
- 11 Olympique de Marseille Mason Greenwood
75%
- 12 Bayern Munich Michael Olise
75%
7 14 FC Barcelone Raphinha
75%
10 13 Borussia Dortmund Sehrou Guirassy
75%
- 14 Arsenal Viktor Gyökeres
75%
30 11 Hoffenheim Andrej Kramarić
50%
- 11 Osasuna Ante Budimir
50%
- 10 Manchester City Antoine Semenyo
50%
- 14 AS Roma Donyell Malen
50%
- 12 AS Monaco Folarin Balogun
50%
- 12 Athletic Bilbao Gorka Guruzeta
50%
- 13 Brentford Igor Thiago
50%
- 13 Crystal Palace Ismaïla Sarr
50%
- 10 Strasbourg Martial Godo
50%
- 13 Real Sociedad Mikel Oyarzabal
50%
- 13 Nottingham Forest Morgan Gibbs-White
50%
- 13 Aston Villa Ollie Watkins
50%
- 13 Bayer Leverkusen Patrik Schick
50%
- 13 Majorque Vedat Muriqi
50%
- 12 Fribourg Igor Matanović
25%
- 13 Alavés Toni Martínez
25%
Aucun quiz correspondant
Distribution des résultats
% des personnes avec chaque résultat
Percentile par nombre de réponses
Votre historique - résultats
Vous n’avez pas pris ce quiz depuis la dernière actualisation